| 000 | 00575nam a2200229Ia 4500 | ||
|---|---|---|---|
| 003 | OSt | ||
| 005 | 20230331112013.0 | ||
| 008 | 210423s2004 xx 000 0 und d | ||
| 020 | _a0-387-20169-6 | ||
| 040 | _cAL | ||
| 041 | _aeng | ||
| 082 |
_a512.72 _223 _bRIBL |
||
| 100 |
_aRIBENBOIM (Paulo) _980726 |
||
| 245 | _aLittle book of bigger primes Ed 2 | ||
| 250 | _a2 | ||
| 260 |
_aNew York _bSpringer Verlag _c2004 |
||
| 300 |
_axxiii,356 _bPB |
||
| 365 |
_b7580.2 _cEUR |
||
| 650 |
_aNumber Theory _980727 |
||
| 906 | _abigger ; Little ; primes | ||
| 942 |
_2ddc _cBK |
||
| 999 |
_c168873 _d168873 |
||